| 000 | 00748cab a2200229 4500 | ||
|---|---|---|---|
| 001 | WB3028-04 | ||
| 008 | 090401t1994 xxu||||| |||| 00| 0 eng d | ||
| 035 | _a(Sirsi) u10326 | ||
| 041 | _aeng | ||
| 245 | _aRICS signals rising trend in D&B | ||
| 260 | _c1994 | ||
| 350 | _a0 | ||
| 490 |
_aBuilding Engineer _vJuly 1994, 4(1) |
||
| 520 | _aThe latest RICS "Contracts in Use" survey due for publication in August 1994 reveals that design and build contracts have more than doubled in two years. | ||
| 650 | _aBUILT ENVIRONMENT-BUILDING CONTRACT FORMS | ||
| 650 | _aRICS CONTRACTS IN USE SURVEY | ||
| 650 | _aDESIGN AND BUILD | ||
| 650 | _aRICS | ||
| 690 | _aBUILT ENVIRONMENT-BUILDING CONTRACT FORMS | ||
| 942 | _n0 | ||
| 948 | _c04/03/1997 | ||
| 999 |
_c6499 _d6499 |
||